Normal view
MARC view
Entry Topical Term
001 - CONTROL NUMBER
- control field: 19274
003 - CONTROL NUMBER IDENTIFIER
- control field: OSt
005 - DATE AND TIME OF LATEST TRANSACTION
- control field: 20241017105702.0
008 - FIXED-LENGTH DATA ELEMENTS
- fixed length control field: 241017|| aca||aabn | a|a d
040 ## - CATALOGING SOURCE
- Original cataloging agency: OSt
- Transcribing agency: OSt
150 ## - HEADING--TOPICAL TERM
- Topical term or geographic name entry element: Electronic apparatus and appliances
- General subdivision: Testing
670 ## - SOURCE DATA FOUND
- Source citation: Work cat.: (OSt)9449: Baker, Mark. 19272, Demystifying mixed-signal test methods /, c2003.
